Pod tíhou života : básně /

Hlavní autor: Palán, Otakar, 1875-1954
Jazyk: Čeština
Vydáno: Kolín : Knihovna Literárního kruhu v Moravské Ostravě, 1941
Fyzický popis: 63 s. ; 8°
Knihy
Uloženo v:
LEADER 00691nam a22002172a 4500
001 000957175
003 CZ BrMZK
005 20091111140650.0
007 ta
008 090721s1941 xr er|||||||||||cze d
015 |a cnb000756594 
035 |a (OCoLC)85651649 
040 |a ABA001  |b cze  |c OLA001  |d BOA001 
100 1 |a Palán, Otakar,  |d 1875-1954  |7 jk01091543  |4 aut 
245 1 0 |a Pod tíhou života :  |b básně /  |c Otakar Palán 
260 |a Kolín :  |b Knihovna Literárního kruhu v Moravské Ostravě,  |c 1941 
300 |a 63 s. ;  |c 8° 
910 |a BOA001  |b 1-0498.498 
990 |a BK 
991 |b 200907 
996 6 |b 2619447870  |c 1-0498.498  |l MZK  |r Sklad / do 1 hodiny  |n 2  |w 001089334  |u 000010  |a 1  |e BOA001  |j MZK50  |s P